Sankčný systém v oblasti daní a návrh na jeho zmenu
Sankčný systém má napomáhať daňovým orgánom pri vynucovaní plnenia daňových povinností daňovými subjektami. Sankcie za porušenie daňových povinností sú upravené v príslušných hmotnoprávnych daňových zákonoch. Cieľom je navrhnúť taký sankčný systém, ktorý postihovanie rovnakých nedostatkov bude uprav...
Salvato in:
| Natura: | Capitolo di libro |
|---|---|
| Lingua: | slovacco |
| Soggetti: | |
| Tags: |
Nessun Tag, puoi essere il primo ad aggiungerne!!
|
MARC
| LEADER | 00000naa a2200000 4500 | ||
|---|---|---|---|
| 001 | r046595 | ||
| 005 | 20230927070548.6 | ||
| 041 | 0 | |a slo | |
| 044 | |a SK | ||
| 245 | 1 | 0 | |a Sankčný systém v oblasti daní a návrh na jeho zmenu |
| 520 | |a Sankčný systém má napomáhať daňovým orgánom pri vynucovaní plnenia daňových povinností daňovými subjektami. Sankcie za porušenie daňových povinností sú upravené v príslušných hmotnoprávnych daňových zákonoch. Cieľom je navrhnúť taký sankčný systém, ktorý postihovanie rovnakých nedostatkov bude upravovať v jednom zákone. Materiál je pripravený na rokovanie vlády. | ||
| 610 | 2 | 0 | |a sankcie hmotné |
| 610 | 2 | 0 | |a dane cestné |
| 610 | 2 | 0 | |a dane z príjmov |
| 610 | 2 | 0 | |a dane z dedičstva |
| 610 | 2 | 0 | |a dane z darovania |
| 610 | 2 | 0 | |a dane z prevodu a prechodu nehnuteľností |
| 610 | 2 | 0 | |a dane z hodnoty pridanej |
| 610 | 2 | 0 | |a dane spotrebné |